000 00566nam a2200205 4500
003 LK-CoMWRAF
005 20231206122022.0
008 230927b1988 |||||||| |||| 00| 0 eng d
020 _a 0070199752
040 _aLK-CoMWRAF
_dLK-CoMWRAF
_eLK-CoMWRAF
041 _aeng
082 _a598
_bFAR
100 _aFarrand, John
245 _aHow to identify birds
260 _aNew York:
_bMcGraw-Hill,
_c1988
300 _a317 p. : ill. (some col.) ; 23 cm.
_bIndex included
490 _a An Audubon handbook
650 _aBIRDS-Identification-Technique
942 _cBK
999 _c3696
_d3696